Statistics for History Analogies #1

Click here to take the quiz!

General Stats

  • This quiz has been taken 37,216 times
  • The average score is 13 of 20

Answer Stats

This is to this … As … % Correct
Gandhi is to IndiaMandela is to {South} {Africa}
96%
Newton is to Gravity{Einstein} is to Relativity
91%
Lenin is to Russia{Mao} is to China
89%
Napoleon is to FranceGenghis Khan is to {Mongolia}
88%
Caesar is to
March 15, 44 BC
{Kennedy} is to
November 22, 1963
87%
Abolition is to SlaveryProhibition is to {Alcohol}
81%
"Bard" is to Shakespeare"Iron Lady" is {Thatcher}
75%
Ivan is to TerribleVlad is to {Impaler}
73%
Byzantium
is to Constantinople
Constantinople is to {Istanbul}
72%
Plato is to Aristotle{Socrates} is to Plato
72%
Cortés is to the AztecsPizarro is to the {Incas}
71%
Henry VIII is to TudorElizabeth II is to {Windsor}
59%
Nixon is to JohnsonEisenhower is to {Truman}
58%
Brazil is to PortugalIndonesia is to {Netherlands}
54%
Philip is to Elizabeth II{Albert} is to Victoria
49%
Hitler is to FührerMussolini is to {Duce}
44%
Wright Brothers are to
Airplanes
Montgolfier Brothers are to
{Hot} {Air} {Balloons}
35%
Yorktown
is to Cornwallis
Appomattox Court House
is to {Lee}
35%
Hillary is to Bill Clinton{Abigail} is to John Adams
31%
Bligh is to HMS Bounty{Cook} is to HMS Endeavour
24%

Score Distribution

Percentile by Number Answered

Percent of People with Each Score

Your Score History

You have not taken this quiz